Normal view MARC view
  • Rodríguez Martínez, Alfonso

Entry Nombre Personal

Number of records used in: 1

001 - NUMERO DE CONTROL

  • campo de control: 47754

003 - IDENTIFICADOR DE NUMERO DE CONTROL

  • campo de control: MX-MxUPN

005 - FECHA Y HORA DE LA ÜLTIMA TRANSACCIÓN

  • campo de control: 20230207094241.0

008 - DATOS DE LONGITUD FIJA

  • campo de control de longitud fija: 230207|| aca||aabn | a|a d

040 ## - FUENTE DE CATALOGACIÓN

  • Agencia original de catalogación: MX-MxUPN
  • Lenguaje de catalogación: spa
  • Agencia de transcripción: MX-MxUPN

100 1# - ENCABEZAMIENTO - NOMBRE PERSONAL

  • Nombre personal: Rodríguez Martínez, Alfonso

373 ## - GRUPO ASOCIADO

  • Associated group: Instituto Psiquiátrico Municipal de Barcelona

374 ## - OCUPACIÓN

  • Occupation: Psiquiatra

377 ## - LENGUA ASOCIADA

  • Language code: spa

670 ## - FUENTE EN LA QUE SE LOCALIZARON DATOS

  • Cita de la fuente: Adolescencia y depresión: un abordaje multifocal, 1992:
  • Información localizada: portada (versión española de Alfonso Rodríguez Martínez; psiquiatra adjunto del Instituto Psiquiátrico Municipal de Barcelona)

902 ## - CATALOGADOR

  • Catalogador: Víctor Ruiz/070223